[Event "Cup European Club (final)"]
[Site "masterchessopen.com Saint Vincent (Italy)"]
[Date "2005.09.19"]
[Round "2"]
[White "Karjakin Sergey (UKR)"]
[Black "Greenfeld Alon (ISR)"]
[Result "1-0"]
[WhiteElo "2658"]
[BlackElo "2542"]

{ Greenfeld Alon (ISR) +3 =1 -0 } 1.e4 c5 2.Nf3 d6 3.d4 cxd4 4.Nxd4 Nf6 5.Nc3
Nc6 6.Bg5 e6 7.Qd2 { ?/= } 7...Qb6 ( 7...Be7 8.O-O-O O-O 9.Nb3 Qb6 10.f3 Rd8
11.Kb1 a6 12.Be3 Qc7 13.Qf2 Nd7 14.f4 b5 15.g4 Rb8 16.g5 Nb6 17.h4 b4 18.Ne2
Nc4 19.Bc1 a5 20.Ned4 Nxd4 21.Nxd4 a4 22.Qf3 e5 23.Bxc4 Qxc4 24.b3 Qa6 25.fxe5
dxe5 26.Nf5 Bxf5 27.Qxf5 axb3 28.axb3 Rdc8 29.Bb2 Qe2 30.Rc1 Rc5 31.Rhf1 Qh5
32.Qd7 Bf8 33.Rf2 Rbc8 34.Rcf1 Rxc2 35.Qxf7+ Qxf7 36.Rxf7 Re2 37.Bxe5 Rxe4
38.Bg3 Re6 39.R7f3 g6 40.Re1 Ra6 41.Be5 Re6 42.Rfe3 Rce8 { 1/2-1/2, Adams
Michael 2610 - Greenfeld Alon 2535 , Debrecen 1992 Ch Europe (team) } ) 8.Bxf6
gxf6 9.Nb3 Bd7 ( 9...a6 10.O-O-O Bd7 11.f4 O-O-O 12.Kb1 Kb8 13.Be2 h5 14.Rhf1
Be7 15.Rf3 Rdg8 16.Bf1 Rc8 17.Rh3 Na5 18.Be2 Nxb3 19.axb3 Qa5 20.f5 h4 21.Qe1
Qe5 22.Rxh4 Bc6 23.Bf3 Rcg8 24.Qf2 Bd8 25.Rxh8 Rxh8 26.h3 Ba5 27.fxe6 {
1/2-1/2, Van Der Weide Karel 2457 - Miroshnichenko Evgenij 2617 , Bad Wiessee
5.11.2004 It (open) } ) 10.O-O-O O-O-O ( 10...a6 11.f4 O-O-O 12.Be2 h5 13.Rhf1
Be7 14.Rf3 Rdg8 15.Bf1 Kb8 16.Rd3 Qc7 17.Qf2 Rc8 18.Kb1 Be8 19.Na4 Nb4 20.Rc3
Qd8 21.Nac5 Rc7 22.a3 Nc6 23.f5 Qc8 24.Nd3 Ne5 25.Rxc7 Qxc7 26.Nf4 Bd7 27.Nd4
Qc8 28.Qg3 Rg8 29.Qb3 exf5 30.Nxf5 Bxf5 31.exf5 Ka7 32.Nxh5 Qxf5 33.Qe3+ Ka8
34.Nf4 Rc8 35.Bd3 Qg5 36.Be4 f5 37.Bd5 Bd8 38.g3 Qe7 39.Qb3 Qc7 40.Rf1 Ka7
41.Ne2 Qd7 42.Rxf5 Bb6 43.Rf4 Rc7 44.h4 Bc5 45.Ka2 Qe8 46.Nc3 Be3 47.Rb4 Qd7
48.Nb5+ axb5 49.Qxe3+ Rc5 50.Bb3 { ...1-0, Shirov Alexei 2713 - Brodsky
Michail 2515 , Tallinn 8. 1.2005 Memorial P.Keres (active) } ) ( 10...Na5
11.Kb1 Nxb3 12.axb3 Be7 13.f4 Qc5 14.Bd3 O-O-O 15.Qe2 Kb8 16.Rhf1 h5 17.Rf3 h4
18.Bb5 Bc8 19.Na4 Qh5 20.Qc4 h3 21.Rc1 d5 22.exd5 hxg2 23.Rc3 Bd6 { 0-1, Kuba
Guenter 2372 - Hoelzl Franz 2370 , Austria 22. 1.2004 Ch Austria (team)
2003/04 } ) 11.f4 Na5 ( 11...Kb8 12.Be2 h5 13.Rhf1 Bc8 14.Kb1 Be7 15.Rf3 Rdg8
16.Bf1 h4 17.Nb5 Rd8 18.Qe1 d5 19.exd5 exd5 20.N5d4 Bd6 21.Nxc6+ Qxc6 22.Nd4
Qd7 23.Bd3 Qg4 24.Qf2 Bc7 25.h3 Qh5 26.Be2 Qh6 27.f5 Rhe8 28.Rb3 Bb6 29.a4 Ka8
30.Bb5 Re4 31.a5 Bc5 32.a6 Qh5 33.Rdd3 b6 34.Rbc3 Bxd4 35.Rxd4 Qxf5 36.Qd2
Rxd4 37.Qxd4 Qe5 38.Qf2 Kb8 39.Re3 Qd4 40.c3 Qc5 41.Qf4+ Qd6 42.Qxh4 d4
43.cxd4 Qxd4 44.Qg3+ Rd6 45.Bd3 Be6 46.Bc2 Kc8 47.b3 Qd2 48.Rc3+ Kd7 49.Qf3
Bd5 50.Qf5+ Be6 51.Qb5+ { ...1/2-1/2, Zhang Zhong 2591 - Ramesh R B 2464 ,
Dubai 5. 4.2005 It (open) } ) ( 11...Rg8 12.Qe2 h5 13.Qxh5 Qe3+ 14.Kb1 Qxf4
15.Qxf7 Rg5 16.g3 Qe5 17.Be2 Bg7 18.h4 Be8 19.Qg8 Rxg3 20.Nb5 Ne7 21.Qxe8 Rxe8
22.Nxd6+ Kb8 23.Nxe8 Nc6 24.Nxg7 Rxg7 25.h5 f5 26.Bd3 f4 27.Nd2 Rh7 28.Nf3 Qh8
29.Rh4 Rxh5 30.Rxf4 Rh1 31.Ng1 Ne5 32.Rff1 Qg7 33.Ne2 Rxf1 34.Rxf1 Qg2 35.Nc1
Nf3 36.Nb3 a6 37.a3 Ka7 38.Rd1 Ne5 39.Nc1 Qf2 40.Na2 Nf3 41.Nc3 b5 42.Be2 Nd4
43.Bd3 Kb6 44.Rf1 Qg2 45.Rd1 a5 46.Na2 Nf3 47.Nc3 b4 48.axb4 axb4 49.Na4+ Kc6
50.b3 Nd2+ 51.Kc1 { ...1/2-1/2, Rigo Zsolt 2374 - Mrva Martin 2507 , Slovakia
2004 Ch Slovakia (team) 2003/04 } ) ( 11...a6 12.Be2 h5 13.Rhf1 Be7 14.Rf3
Rdg8 15.Bf1 Kb8 16.Rd3 Qc7 17.Qf2 Rc8 18.Kb1 Be8 19.Na4 Nb4 20.Rc3 Qd8 21.Nac5
Rc7 22.a3 Nc6 23.f5 Qc8 24.Nd3 Ne5 25.Rxc7 Qxc7 26.Nf4 Bd7 27.Nd4 Qc8 28.Qg3
Rg8 29.Qb3 exf5 30.Nxf5 Bxf5 31.exf5 Ka7 32.Nxh5 Qxf5 33.Qe3+ Ka8 34.Nf4 Rc8
35.Bd3 Qg5 36.Be4 f5 37.Bd5 Bd8 38.g3 Qe7 39.Qb3 Qc7 40.Rf1 Ka7 41.Ne2 Qd7
42.Rxf5 Bb6 43.Rf4 Rc7 44.h4 Bc5 45.Ka2 Qe8 46.Nc3 Be3 47.Rb4 Qd7 48.Nb5+ axb5
49.Qxe3+ Rc5 50.Bb3 Kb8 51.Rf4 { ...1-0, Shirov Alexei 2713 - Brodsky Michail
2515 , Tallinn 8. 1.2005 Memorial P.Keres (active) } ) ( 11...Ne7 12.Be2 h5
13.Rhf1 Be8 14.Rf3 Bg7 15.Rh3 h4 16.Bg4 Kc7 17.Kb1 Bc6 18.Rd3 Be8 19.a4 Bh6
20.a5 Qc6 21.Qf2 Ng6 22.Qxa7 Qa6 23.Nd5+ { 1-0, Galkin Alexander 2593 -
Georgiev Krum 2448 , Istanbul 2003 Ch Europe } ) 12.Be2 { N } ( 12.Nd4 { +0.41
CAP } ) ( 12.Kb1 Nxb3 13.axb3 Kb8 14.Be2 Qc5 15.Rhf1 h5 16.f5 Qe5 17.h3 Bc6
18.Bf3 Bh6 19.Qd3 Bg5 20.h4 Bxh4 21.Rh1 Bf2 22.Rxh5 Bc5 23.Rdh1 Rxh5 24.Rxh5
Qd4 25.Rh7 Rf8 26.Bh5 exf5 27.exf5 Re8 28.Rxf7 Re1+ 29.Ka2 a6 30.Bf3 Qxd3
31.cxd3 Bd4 32.Ne2 Be3 33.Rxf6 Bxf3 34.gxf3 Rf1 35.Rxd6 Rxf3 36.Rd5 Kc7 37.Nc3
Kc6 38.b4 Rf4 39.Re5 Rf3 40.Re6+ Kd7 41.Re5 Kd6 42.d4 Bg1 43.Ne4+ Kc7 44.d5
Bh2 45.Re7+ Kd8 46.f6 Rxf6 47.Rh7 Rf4 48.Nc5 Rf2 49.d6 { 1-0, Smirnov Pavel
2624 - Nijboer Friso 2553 , Warsaw 30. 6.2005 Ch Europe } ) 12...h5 13.Kb1 Kb8
14.Rhf1 Nxb3 15.axb3 Bc6 16.Bc4 Qc5 17.f5 b5 { ?! } ( 17...Bh6 18.Qd4 Qxd4
19.Rxd4 Rhe8 { } ) 18.Bd3 { ?! } ( 18.Nxb5 Bxb5 19.Qa5 Be7 20.Bxb5 { } )
18...Be7 19.fxe6 fxe6 20.Qe2 a6 21.Nd5 exd5 22.exd5 Qxd5 23.Qxe7 Qe5 24.Rde1
Qxh2 25.Qe3 Qxg2 26.Rg1 Qd5 27.Be4 { +0.98 CAP } {#r} 1-0

[Event "Ch Croatia (team)"]
[Site "masterchessopen.com Sibenik (Croatia)"]
[Date "2005.10.07"]
[Round "9"]
[White "Biliskov Vjekoslav (CRO)"]
[Black "Leskur Dejan (SRB)"]
[Result "1-0"]
[WhiteElo "2316"]
[BlackElo "2476"]

1.Nf3 c5 2.e4 d6 3.d4 cxd4 4.Nxd4 Nf6 5.Nc3 Nc6 6.Bg5 e6 7.Qd2 h6 8.Bxf6 gxf6
9.O-O-O a6 10.Kb1 Qb6 11.Nb3 Bd7 12.f4 O-O-O 13.Be2 h5 14.Rhf1 Kb8 15.Rf3 h4
16.Qe1 Ne7 17.f5 exf5 18.Nd4 Qa5 19.exf5 Qe5 20.Bc4 d5 21.Re3 Qd6 22.Nf3 Nxf5
23.Red3 Qc7 24.Nxd5 Qxc4 25.Nb6 Bb4 26.c3 Qe6 {#r} 1-0

[Event "Ch Russia (students)"]
[Site "masterchessopen.com Nizhnij Tagil (Russia)"]
[Date "2005.10.10"]
[Round "7"]
[White "Zemtsov Igor (RUS)"]
[Black "Shiriaev Alexander K (RUS)"]
[Result "1-0"]
[WhiteElo "2361"]
[BlackElo "2193"]

1.e4 c5 2.Nf3 Nc6 3.Nc3 d6 4.d4 cxd4 5.Nxd4 Nf6 6.Bg5 e6 7.Qd2 Be7 8.O-O-O O-O
9.Be2 Nxd4 10.Qxd4 Qa5 11.h4 Bd7 12.Kb1 b5 13.e5 dxe5 14.Qxe5 Rac8 15.Rh3 Rc5
16.Qe3 Rc7 17.Bf4 Rcc8 18.Be5 Rfd8 19.Rg3 g6 20.h5 b4 21.hxg6 fxg6 22.Bxf6
Bxf6 23.Rxd7 Rxd7 24.Qxe6+ Kh8 25.Qxd7 Qc5 26.Rh3 Bg7 27.Bg4 Rc7 28.Qd8+ Bf8
29.Rf3 Kg8 30.Be6+ Kg7 31.Qf6+ {#r} 1-0

[Event "Memorial M.Chigorin (open)"]
[Site "masterchessopen.com St.Petersburg (Russia)"]
[Date "2005.10.20"]
[Round "6"]
[White "Gritsenko Andrey (RUS)"]
[Black "Vokarev Sergey (RUS)"]
[Result "0-1"]
[WhiteElo "2346"]
[BlackElo "2488"]

1.e4 c5 2.Nf3 d6 3.d4 cxd4 4.Nxd4 Nf6 5.Nc3 Nc6 6.Bg5 e6 7.Qd2 Be7 8.O-O-O Qb6
9.f4 Qxd4 10.Qxd4 Nxd4 11.Rxd4 a6 12.Be2 Bd7 13.Rhd1 Bc6 14.Bf3 O-O-O 15.e5
Bxf3 16.gxf3 dxe5 17.fxe5 Nd5 18.Ne4 f6 19.exf6 gxf6 20.Bh4 b5 21.c3 Rdg8
22.R4d2 Rg6 23.Bf2 f5 24.Nc5 Bg5 25.Nxa6 e5 26.Nc5 Nb6 27.Kc2 Bxd2 28.Rxd2 Rg2
29.Nd3 Nc4 30.Re2 Rxh2 31.b3 Na3+ 32.Kd2 e4 {#R} 0-1

[Event "Memorial M.Chigorin (open)"]
[Site "masterchessopen.com St.Petersburg (Russia)"]
[Date "2005.10.21"]
[Round "7"]
[White "Kim Alexey (KOR)"]
[Black "Ionov Sergey (RUS)"]
[Result "0-1"]
[WhiteElo "2437"]
[BlackElo "2522"]

1.e4 c5 2.Nf3 d6 3.d4 cxd4 4.Nxd4 Nf6 5.Nc3 Nc6 6.Bg5 e6 7.Qd2 Be7 8.O-O-O Qb6
9.Be2 a6 10.Be3 Qc7 11.g4 Ne5 12.f3 Nc4 13.Bxc4 Qxc4 14.g5 Nd7 15.h4 b5 16.Kb1
Bb7 17.h5 Rc8 18.Qg2 b4 19.Na4 Qc7 20.b3 Nc5 21.Nb2 O-O 22.g6 Bf6 23.gxh7+ Kh8
24.Bg5 Qe7 25.Bxf6 Qxf6 26.Rhe1 Rfd8 27.Qd2 a5 28.Qe3 e5 {#R} 0-1

[Event "Memorial M.Chigorin (open)"]
[Site "masterchessopen.com St.Petersburg (Russia)"]
[Date "2005.10.21"]
[Round "7"]
[White "Smirnov Igor (UKR)"]
[Black "Tkachuk Andrey (RUS)"]
[Result "1-0"]
[WhiteElo "2459"]
[BlackElo "2170"]

1.e4 c5 2.Nf3 Nc6 3.d4 cxd4 4.Nxd4 Nf6 5.Nc3 d6 6.Bg5 e6 7.Qd2 Be7 8.O-O-O
Nxd4 9.Qxd4 O-O 10.Bc4 a6 11.Bb3 Qa5 12.Bd2 Qc7 13.f4 Rd8 14.Rhf1 b5 15.a3 Nd7
16.f5 Nc5 17.Ba2 Bf6 18.Qe3 Rb8 19.fxe6 fxe6 20.Ne2 Kh8 21.Rxf6 gxf6 22.Rf1
Rf8 23.Nf4 Bb7 24.Nxe6 Nxe6 25.Bxe6 Rbe8 26.Bb3 Rxe4 27.Qg3 Qe7 28.Bc3 Re2
29.Bxf6+ Qxf6 30.Rxf6 Rfe8 31.Kb1 {#r} 1-0

[Event "Memorial M.Chigorin (open)"]
[Site "masterchessopen.com St.Petersburg (Russia)"]
[Date "2005.10.22"]
[Round "8"]
[White "Zontakh Andrey (UKR)"]
[Black "Davydov Sergey (RUS)"]
[Result "1-0"]
[WhiteElo "2543"]
[BlackElo "2362"]

1.e4 c5 2.Nf3 d6 3.d4 cxd4 4.Nxd4 Nf6 5.Nc3 Nc6 6.Bg5 e6 7.Qd2 Be7 8.O-O-O O-O
9.Nb3 a6 10.Bxf6 Bxf6 11.Qxd6 Bxc3 12.bxc3 Qf6 13.Qg3 e5 14.Bc4 Be6 15.Bxe6
Qxe6 16.Rd5 b6 17.Rhd1 Rac8 18.Kb1 a5 19.a4 g6 20.h4 Qe8 21.h5 Rc7 22.Rb5 Na7
23.Rxb6 Qxa4 24.Qxe5 Qc4 25.hxg6 fxg6 26.Nxa5 Qf7 27.f3 Nc8 28.Rb8 h5 29.Rd5
Re7 30.Qd4 Qe6 31.Nb3 Rfe8 32.c4 Qa6 33.Rd8 {#r} 1-0

[Event "It (open)"]
[Site "masterchessopen.com Hoogeveen (Netherlands)"]
[Date "2005.10.28"]
[Round "8"]
[White "Kolev Atanas (BUL)"]
[Black "Goloshchapov Alexander (UKR)"]
[Result "0-1"]
[WhiteElo "2559"]
[BlackElo "2523"]

{ Kolev Atanas (BUL) +0 =1 -0 } 1.e4 c5 2.Nf3 Nc6 3.d4 cxd4 4.Nxd4 Nf6 5.Nc3
d6 6.Bg5 e6 7.Qd2 Qb6 8.Bxf6 gxf6 9.Nb3 a6 10.O-O-O { = } ( 10.Be2 h5 11.f4
Bd7 12.O-O-O O-O-O 13.Rhf1 Kb8 14.Kb1 Be7 15.Rf3 Rdg8 16.Bf1 Rc8 17.Rd3 Rc7
18.Rh3 Rcc8 19.Qe2 h4 20.Qe1 Nb4 21.Rxh4 Rxh4 22.Qxh4 a5 23.Qh5 a4 24.Qa5 Qxa5
25.Nxa5 Rc5 26.Nc4 Kc7 27.a3 Na6 28.g4 { 1-0, Yudasin Leonid 2547 - Paschall
William M 2394 , New York 2003 It (cat.10) } ) 10...Bd7 ( 10...Qc7 11.Be2 h5
12.f4 b5 13.Bf3 Ne5 14.Ne2 Nxf3 15.gxf3 a5 16.Kb1 b4 17.f5 e5 18.c3 Qb6
19.Rhg1 Ba6 20.Rg2 Ke7 21.Nbc1 Bh6 22.Qe1 Rhc8 23.b3 Qe3 24.Ng3 Qxe1 25.Rxe1
Rxc3 26.Rc2 Rac8 { 0-1, Yemelin Vasily 2500 - Sakaev Konstantin 2648 , St.
Petersburg 1999 Cup St. Petersburg (active) } ) 11.f4 O-O-O 12.Be2 Rg8 (
12...h5 13.Rhf1 Be7 14.Kb1 Kb8 15.Rf3 Rdg8 16.Bf1 Bc8 17.Qe1 h4 18.Rd2 Rg7
19.Rff2 Na5 20.Nd1 Nxb3 21.axb3 Qc5 22.c3 b5 23.b4 Qb6 24.Ne3 Bb7 25.Bd3 Rgg8
26.Bc2 Bc8 27.Rd4 Rd8 28.Rfd2 Qc6 29.Qd1 Bf8 30.c4 Be7 31.c5 Kc7 32.Nd5+ {
...0-1, Tiviakov Sergei 2635 - Gulko Boris F 2635 , Groningen 1993 Ch World
(qual) (PCA) } ) ( 12...Kb8 13.Kb1 Be7 14.Bh5 Be8 15.Rhe1 Rc8 16.Nd5 exd5
17.exd5 Ne5 18.fxe5 fxe5 19.Rf1 f6 20.Bxe8 Rhxe8 21.Qd3 Qc7 22.Rf5 Rg8 23.g3
Qc4 24.Rh5 Qxd3 25.cxd3 Rg7 26.Rf1 Bd8 27.Rff5 b5 28.Rh4 a5 29.Rfh5 a4 30.Nd2
Rgc7 31.a3 Rc1+ 32.Ka2 { ...0-1, Nataf Igor-Alexandre 2565 - Thorhallsson
Gylfi 2178 , Reykjavik 2003 It (active) "Edda" } ) 13.Bh5 Rg7 14.Rhf1 { +0.37
CAP } 14...Na5 { N } ( 14...Be7 15.Qe2 Na5 16.Nd4 Nc6 17.Nb3 Na5 18.Nd4 Nc6 {
1/2-1/2, Rytshagov Mikhail 2442 - Brodsky Michail 2533 , Tallinn 3. 1.2004
Memorial P.Keres (active) } ) 15.Qe2 Kb8 16.Kb1 Rc8 17.Rf3 Be7 18.g3 Nc4
19.Rd4 Bb5 20.Qd1 f5 21.exf5 Bf6 22.Re4 d5 23.Re1 Na3+ 24.Ka1 { ?! } ( 24.bxa3
Bxc3 25.Rxc3 Rxc3 26.f6 { } ) 24...d4 25.bxa3 d3 26.Re5 Rxc3 27.cxd3 Bc6
28.Rfe3 { ?! } ( 28.Rf1 Bxe5 29.fxe5 Bg2 30.Rf4 { } ) 28...Qxe3 { } {#R} 0-1

[Event "Ch World (team)"]
[Site "masterchessopen.com Beer-Sheva (Israel)"]
[Date "2005.11.02"]
[Round "2"]
[White "Akopian Vladimir (ARM)"]
[Black "Jobava Baadur (GEO)"]
[Result "1-0"]
[WhiteElo "2707"]
[BlackElo "2601"]

{ Akopian Vladimir (ARM) +0 =1 -2 Jobava Baadur (GEO) +2 =1 -0 } 1.e4 c5 2.Nf3
d6 3.d4 cxd4 4.Nxd4 Nf6 5.Nc3 Nc6 6.Bg5 e6 7.Qd2 Be7 8.O-O-O Nxd4 ( 8...O-O
9.Nb3 a5 10.a4 Qb6 11.Bb5 Rd8 12.Qe2 Qc7 13.h4 Nb4 14.g4 Bd7 15.Bxd7 Qxd7
16.Nb5 Ne8 17.c3 Na6 18.Be3 Nac7 19.N3d4 d5 20.e5 Nxb5 21.Qxb5 Nc7 22.Qxd7
Rxd7 23.f4 Bc5 24.Rhe1 Re8 25.h5 f6 26.exf6 gxf6 27.Nf3 b6 28.g5 { ...1/2-1/2,
Hracek Zbynek 2591 - Jobava Baadur 2621 , Goteborg 4. 8.2005 Ch Europe (team)
} ) 9.Qxd4 O-O 10.e5 dxe5 11.Qxe5 Bd7 { ? } 12.Be2 ( 12.h4 Rc8 13.Rh3 Qc7
14.Qe3 b5 15.Bf4 Qa5 16.Rg3 b4 17.Be5 g6 18.Rg5 bxc3 19.Bxf6 cxb2+ 20.Bxb2 Qa4
21.Rd2 Rb8 22.Rd4 Qxa2 23.Bc3 Qb1+ 24.Kd2 Qxf1 25.Rxd7 Rfd8 26.Rgd5 exd5
27.Qd4 f6 28.Rxe7 Rb6 29.Ba5 Rb1 30.Qxf6 Rd1+ 31.Ke3 Re1+ { ...1-0, Oll Lembit
2630 - Maki Veijo 2388 , Helsinki 1991 It (cat.9) } ) ( 12.Qg3 Rc8 13.Bd3 Qc7
14.Qh4 h6 15.Ne4 Nxe4 16.Bxe7 Nc5 17.c3 Rfe8 18.Bc2 b6 19.Bd6 Qb7 20.Qg3 Ba4
21.b3 Bc6 22.f3 f5 23.Bf4 Kh7 24.Qh3 Kg8 25.Rhe1 Qf7 26.Qg3 Kh8 27.Be5 Nd7
28.Bd4 a5 29.Qd6 a4 30.Kb2 b5 31.Rd2 axb3 { ...1-0, Pikula Dejan 2495 - Cosma
Ioan 2470 , Mataruska Banja 1996 It (cat.9) } ) 12...Rc8 ( 12...Qe8 13.Qg3 Qc8
14.Rd3 Rd8 15.Qh4 e5 16.Nd5 Nxd5 17.Bxe7 Nf4 18.Bxd8 Nxe2+ 19.Kb1 Qxd8 20.Qe4
Nd4 21.Qxe5 Nc6 22.Qc3 Qe7 23.Re1 Be6 24.f4 Qh4 25.Red1 g6 26.g3 Qxh2 27.b4 a6
28.a4 Qf2 29.Kb2 Qb6 30.Ka3 Bf5 31.Rd5 Re8 32.a5 { ...0-1, Kuzmin Gennadi P
2540 - Oll Lembit 2630 , Lvov 1990 Zt } ) 13.Be3 a6 ( 13...Bb4 14.Bd4 Bc6
15.Bf3 Qa5 16.Bxc6 Rxc6 17.a3 Qxe5 18.Bxe5 Bxc3 19.Bxc3 Rfc8 20.Rd3 Nd5 21.Kd2
Kf8 22.Re1 Rc4 23.f3 Nxc3 24.bxc3 Ke7 25.Rb1 b6 26.Rb4 g5 27.Rxc4 Rxc4 28.Rd4
Rc5 29.Ra4 Rc7 30.Kd3 f5 31.h4 Kf6 32.Rd4 gxh4 33.Rxh4 { ...0-1, Enders Peter
2470 - Kramnik Vladimir 2730 , Germany 1995 Bundesliga 1994/95 } ) 14.g4 {
+0.00 CAP } ( 14.Bd4 Bc6 15.Bf3 Bxf3 16.gxf3 Qc7 17.Rhg1 Qxe5 18.Bxe5 Rfd8
19.Rxd8+ Rxd8 20.Ne4 Ne8 21.Rd1 Rxd1+ 22.Kxd1 f6 23.Bd4 Kf7 24.Ke2 f5 25.Nc5
e5 26.Be3 f4 27.Nxb7 fxe3 28.fxe3 Ke6 29.Kd3 Nf6 30.c4 Nd7 31.a3 Nf6 32.e4 g5
33.b4 g4 { ...0-1, Arizmendi Martinez Julen L 2200 - Veingold Aleksandr 2430 ,
Mislata 1994 It (open) } ) 14...b5 15.g5 Ne8 { N } ( 15...b4 16.gxf6 Bxf6
17.Qd6 bxc3 18.Qxd7 Qa5 19.Kb1 { 1-0, Nezhmetdinov Rashit 2450 - Kotkov Yuri M
2390 , Saratov 1966 Ch Russia } ) 16.Ne4 Qc7 17.Qxc7 Rxc7 18.Rhg1 Bc6 19.Nc5
Bf3 { ? } ( 19...a5 { !? } 20.Nb3 Be4 21.Bd3 Bxd3 { } ) 20.Bxf3 Bxc5 21.Rge1
Bxe3+ 22.Rxe3 Rc5 23.h4 Nc7 24.Rd7 f6 25.Be4 fxg5 26.hxg5 Rxf2 { ?! } (
26...Rf4 27.b4 Rc4 28.Bd3 Rc6 { } ) 27.b4 Rc4 28.Bd3 Rc6 29.Rh3 h5 30.Rxh5 e5
31.Rh8+ { } {#r} 1-0

[Event "Ch World (team)"]
[Site "masterchessopen.com Beer-Sheva (Israel)"]
[Date "2005.11.09"]
[Round "8"]
[White "Dominguez Lenier (CUB)"]
[Black "Gulko Boris F (USA)"]
[Result "1-0"]
[WhiteElo "2635"]
[BlackElo "2577"]

{ Dominguez Lenier (CUB) +1 =0 -1 Gulko Boris F (USA) +3 =3 -2 } 1.e4 c5 2.Nf3
d6 3.d4 cxd4 4.Nxd4 Nf6 5.Nc3 Nc6 6.Bg5 e6 7.Qd2 Be7 8.O-O-O O-O 9.f3 a6 10.h4
Nxd4 11.Qxd4 b5 ( 11...Qc7 12.g4 ( 12.Kb1 b5 13.Qd2 b4 14.Ne2 Rb8 15.g4 a5
16.Nd4 a4 17.Bd3 e5 18.Nf5 Bxf5 19.gxf5 a3 20.b3 d5 21.Rhg1 Kh8 22.h5 Rfd8
23.h6 g6 24.Qe1 Rb6 25.Rg2 gxf5 26.exf5 e4 27.fxe4 Qe5 28.Bc1 dxe4 29.Bc4 Rxd1
30.Qxd1 e3 31.Qg1 { ...0-1, Benjamin Joel 2577 - Gulko Boris F 2643 , Seattle
2000 Ch USA } ) 12...b5 13.a3 Rb8 14.h5 h6 15.Bh4 Qb6 16.Qxb6 Rxb6 17.g5 hxg5
18.Bxg5 Re8 19.Rd2 Nd7 20.Bxe7 Rxe7 21.Rg1 Nf6 22.Rdg2 Ne8 23.f4 b4 24.axb4
Rxb4 25.f5 Kh7 26.Bd3 Kh6 27.fxe6 Bxe6 28.b3 Rc7 29.Kd2 Rc5 30.Ne2 a5 31.Nf4 {
...1/2-1/2, Quezada Yuniesky 2522 - Gulko Boris F 2589 , Buenos Aires 16.
8.2005 Ch American Continent } ) ( 11...Qa5 12.Kb1 b5 13.g4 b4 14.Ne2 e5
15.Qd3 Be6 16.Nc1 Rfc8 17.Bxf6 Bxf6 18.g5 Be7 19.Bh3 Bc4 20.Qe3 Rc7 21.h5 Qc5
22.Qxc5 { 1/2-1/2, Lutz Christopher 2596 - Breder Dennis 2454 , Germany 2003
Bundesliga 2002/03 } ) 12.Kb1 Qc7 { ? = } ( 12...Qa5 13.Qd2 b4 14.Ne2 e5 15.c4
Be6 16.Ng3 Rfd8 17.Bd3 Rac8 18.Rc1 h6 19.Bxf6 Bxf6 20.Nh5 Be7 21.g4 Kh8 22.Ng3
Rc6 23.g5 Rdc8 24.Nf5 Bf8 25.gxh6 g6 26.Rhg1 Qd8 27.h5 gxf5 28.exf5 Bxc4
29.Bxc4 Rxc4 30.f6 Qxf6 31.Qg2 Rxc1+ 32.Rxc1 { ...0-1, Sax Gyula 2560 -
Shengelia Davit 2482 , Diezisau 2003 It (open) } ) 13.Qd2 ( 13.Bxf6 gxf6 14.g4
Rd8 { -0.11 CAP } ) 13...b4 ( 13...Rd8 14.Bd3 b4 15.Ne2 a5 16.Nd4 e5 17.Nb5
Qb6 18.c4 bxc3 19.Qxc3 Bb7 20.Rhe1 d5 21.Qc7 Qxc7 22.Nxc7 Rac8 23.Bxf6 Bxf6
24.Nxd5 Bxh4 25.Rh1 Bg5 26.Bc2 g6 27.Nb6 Rc7 28.Rxd8+ Bxd8 29.Rd1 Bg5 30.Rd7
Rxd7 31.Nxd7 f6 32.Nc5 Bc8 33.Bb3+ { ...1/2-1/2, Iordachescu Viorel 2632 -
Wells Peter K 2504 , Port Erin 2003 It (open) } ) ( 13...Bb7 14.Bd3 Rfd8 15.g4
b4 16.Ne2 a5 17.Nd4 a4 18.Nb5 Qb6 19.h5 d5 { 1/2-1/2, Sax Gyula 2593 - Smirin
Ilia 2698 , Pula 2001 Ch Croatia (team) (1st league) } ) ( 13...Rb8 14.Bd3 Rd8
15.g4 b4 16.Ne2 a5 17.Nd4 a4 18.Nb5 Qa5 19.a3 Rxb5 20.Bxb5 Qxb5 21.Qxb4 Qe8
22.Bxf6 gxf6 23.g5 d5 24.Qc3 fxg5 25.hxg5 dxe4 26.Rdg1 e5 27.fxe4 Rd4 28.Qf3
Qf8 29.Rxh7 Kxh7 30.Qh5+ Kg7 31.Rh1 Rd1+ 32.Rxd1 Kg8 33.g6 { ...1-0, Zhang
Pengxiang 2557 - Kotronias Vasilios 2573 , Linares 2002 It (open) } ) 14.Ne2
a5 { N } ( 14...Rb8 15.g4 ( 15.Nd4 a5 16.Nb5 Qc5 17.Be3 Qc6 18.Nd4 Qc7 19.Nb5
Qc6 20.Nd4 Qc7 21.Nb5 { 1/2-1/2, Ibarra Jerez Jose Carlos 2423 - Tyomkin
Dimitri 2505 , La Roda 8. 4.2004 It (open) } ) 15...a5 16.Nd4 a4 17.Bd3 e5
18.Nf5 Bxf5 19.gxf5 a3 20.b3 d5 21.Rhg1 Kh8 22.h5 Rfd8 23.h6 g6 24.Qe1 Rb6
25.Rg2 gxf5 26.exf5 e4 27.fxe4 Qe5 28.Bc1 dxe4 29.Bc4 Rxd1 30.Qxd1 e3 31.Qg1
Rb8 32.Bxe3 Qb2# { 0-1, Benjamin Joel 2577 - Gulko Boris F 2643 , Seattle 2000
Ch USA } ) ( 14...Rd8 15.g4 a5 16.Nd4 e5 17.Nf5 Bxf5 18.exf5 Ne8 19.Bb5 Rac8
20.Qe2 d5 21.Bxe8 Rxe8 22.Rxd5 f6 23.Bc1 a4 24.b3 axb3 25.cxb3 Red8 26.Rxd8+
Rxd8 27.Rd1 Rxd1 28.Qxd1 Qc6 29.Qd3 Kf8 30.Bd2 Qc5 31.Be3 Qc6 32.Qe4 Qb5
33.Bd2 Qf1+ 34.Kb2 { ...1/2-1/2, Shabalov Alexander 2608 - Gonzalez Garcia
Jose 2447 , Buenos Aires 2003 Ch Pan-American Continental } ) ( 14...Qa5 15.g4
Rd8 16.Ng3 Ra7 17.Be3 Rc7 18.g5 Nd7 19.h5 Nf8 20.Bd3 Bb7 21.Qf2 Rcd7 22.g6 Rc8
23.gxf7+ Kxf7 24.h6 g6 25.Bb6 Qg5 26.f4 Qf6 27.f5 exf5 28.Bd4 Qg5 29.Nxf5 Bf6
30.Be3 Qg4 31.Rdg1 { 1-0, Papa Severin 2411 - Bitalzadeh Ali 2289 , Hengelo
11. 8.2004 It (cat.5) (young masters) } ) 15.Nd4 { -0.56 CAP } 15...Ba6
16.Bxa6 Rxa6 17.Qe2 Rb6 18.g4 Rc8 19.h5 h6 20.Be3 Nd7 { ?! } ( 20...Ne8
21.Rhg1 a4 22.Nb5 Rxb5 { } ) 21.Rhg1 Bf6 { ?! } ( 21...Qd8 22.g5 Bxg5 23.f4
Bf6 { } ) 22.g5 hxg5 23.Bxg5 Kh8 24.Bxf6 Nxf6 25.Rg5 a4 { ?! } ( 25...Rg8
26.Qg2 { } ) 26.Qd2 { ?! } ( 26.Rdg1 Ne8 27.Qd2 Kg8 28.Qg2 { } ) 26...Qe7
27.Rdg1 Rg8 28.Qg2 Ne8 { ?! } ( 28...Qf8 29.Qf2 Ra6 30.Qh4 a3 { } ) 29.Rg6 Qf8
30.Nxe6 fxe6 31.h6 Qf7 32.Rh1 { } 1-0